000
00262nam a2200097Ia 4500
005
20251222154424.0
008
251222s9999||||xx |||||||||||||| ||spa||
082
_a
REF.985.008/C76/T.XIII/V.I
245
0
_a
Obra de gobierno y epistolario de San MartÃn
942
_c
LIB
999
_c
36135
_d
36135